LEADER 01542nam a2200301 u 4500 001 000000030602 003 CaOOAMICUS 005 20070226112039.0 008 970917r19781924stk u000 u eng u 035 $a10769740 040 $aPUL(R)$bita 100 1 $aLock, Walter.$0(OLS)http://pul/name/24622 245 12$aA critical and exegetical commentary on the Pastoral Epistles (I & II Timothy and Titus) /$cby the Rev. Walter Lock, D.D. 260 $aEdinburgh :$bT. & T. Clark,$c1978. 300 $axliv, 163 p. ;$c22 cm 490 1 $aInternational critical commentary on the Holy Scriptures of the Old and New Testaments 500 $a"Indexes" : p. 161-163. 500 $aVarie ristampe: seleziona il numero dell'item per vedere la data di pubblicazione di ciascun volume. 500 $aRistampa della 1. ed. del 1924. 630 04$aBiblia.$pN.T.$pAd Timotheum I-II$xCommenti.$0(OLS)http://pul/subject/6181 630 04$aBiblia.$pN.T.$pAd Titum$xCommenti.$0(OLS)http://pul/subject/14457 830 0$aInternational critical commentary on the Holy Scriptures of the Old and New Testaments.$0(OLS)http://pul/title/41926 850 $aPUL 852 $aPUL$W1$xSL Religione 1$y3$m5 L 50$j42305$nBK-PRI$b $qStampati$B42305$CPULBib$Z2$F42305 $H $81 941 1 $a8 961 $aINV: 47878. 996 $6245$aA critical and exegetical commentary on the Pastoral Epistles (I & II Timothy and Titus)$9(OLS)http://pul/title/42030 996 $6260$aEdinburgh :$bT. & T. Clark$9(OLS)http://pul/publisher/51693 LEADER 01231nam a2200289 a 4500 001 000000122485 003 CaOOAMICUS 005 20100712172710.0 008 100712t2005 it u000 u ita r 020 $a978-88-15-11902-5 040 $aPUL$bita$dReb 082 04$a909 100 1 $aCarbone, Giovanni.$0(OLS)http://pul/name/76876 245 12$aL'Africa :$bgli stati, la politica, i conflitti /$cGiovanni Carbone. 260 $aBologna :$bIl Mulino,$cİ2005. 300 $a224 p. ;$c21 cm. 490 1 $aUniversale paperbacks Il Mulino ;$v481 504 $aBibliografia p. 207-219. 651 4$aAfrica$xPolitica e governo.$0(OLS)http://pul/subject/21109 830 0$aUniversale paperbacks Il Mulino ;$v481.$0(OLS)http://pul/title/190 850 $aPUL 852 $aPUL$W1$xDP2 Filosofia 3$y112$m909 COLL 2.481$j140665$aRistampa del 2007$qDDC 21$B139764$CPULBib$Z2$F139764 $H114281 $82 941 1 $a9 996 $6020$a978-88-15-11902-5$9(OLS)http://pul/number/144867 996 $6082$a909$9(OLS)http://pul/classification/566 996 $6245$aL'Africa :$bgli stati, la politica, i conflitti$9(OLS)http://pul/title/154288 996 $6260$aBologna :$bIl Mulino$9(OLS)http://pul/publisher/47928